LEADER 01624nam a2200349 a 4500 001 000000174335 003 CaOOAMICUS 005 20210305164503.0 008 210305s2020 it 001 0 ita r 020 $z978-88-394-0945-4* 032 $aLibriCat 040 $aPUL$bita 041 1 $aita$hger 082 04$a225.705 100 1 $aGerdmar, Anders.$0(OLS)http://pul/name/112020 240 10$aRoots of theological anti-Semitism.$bItaliano.$0(OLS)http://pul/title/215578 245 10$aBibbia e antisemitismo teologico :$bl'esegesi biblica tedesca e gli ebrei da Herder e Semler a Kittel e Bultmann /$cAnders Gerdmar ; traduzione italiana a cura di Stefano Franchini. 260 $aBrescia :$bPaideia,$c©2020. 300 $a643 p. ;$c21 cm 490 1 $aBiblioteca del commentario Paideia ;$v09 504 $aBibliografia p. [577]-608. 650 4$aEsegesi biblica.$0(OLS)http://pul/subject/8707 700 1 $aFranchini, Stefano.$0(OLS)http://pul/name/92385 830 0$aBiblioteca del commentario Paideia ;$v09.$0(OLS)http://pul/title/190355 850 $aPUL 852 $aPUL$W1$xSL Religione 3$y85$m225. 705 COLL 5.9$j198646$qDDC 21$B203255$CPULBib$Z2$F203255 $H134812 $82 941 1 $a9 996 $6020$z978-88-394-0945-4*$9(OLS)http://pul/number/168058 996 $6082$a225.705$9(OLS)http://pul/classification/567 996 $6245$aBibbia e antisemitismo teologico :$bl'esegesi biblica tedesca e gli ebrei da Herder e Semler a Kittel e Bultmann$9(OLS)http://pul/title/215577 996 $6260$aBrescia :$bPaideia$9(OLS)http://pul/publisher/47884 LEADER 01629nam a2200361 a 4500 001 000000176834 003 CaOOAMICUS 005 20240614101911.0 008 240517s2024 it 001 u ita r 020 $a978-88-399-3621-9* 032 $aLibriCat 040 $aPUL$bita 100 1 $aTamayo, Juan José,$d1946-$0(OLS)http://pul/name/34619 240 10$aTeologías del Sur.$bItaliano.$0(OLS)http://pul/title/218329 245 10$aTeologie del Sud :$bla decolonizzazione come nuovo paradigma / $cJuan José Tamajo. 260 $aBrescia :$bQueriniana,$c©2024. 300 $a261 p.;$c23 cm 490 1 $aBiblioteca di teologia contemporanea ;$v221 500 $aTraduzione dallo spagnolo di Vincenzo Salvati. 504 $aBibliografia in nota a piè pagina. 650 4$aTeologia$zMedio oriente$ySec. XX-XXI.$0(OLS)http://pul/subject/45898 650 4$aTeologia africana.$0(OLS)http://pul/subject/18872 650 4$aTeologia$zAmerica latina.$0(OLS)http://pul/subject/22864 700 1 $aSalvati, Vincenzo.$0(OLS)http://pul/name/72341 830 0$aBiblioteca di teologia contemporanea ;$v221.$0(OLS)http://pul/title/7472 850 $aPUL 852 $aPUL$W1$xSL Religione 3$y85$m200 BTC 1.221$j200836$qDDC 21$B205793$CPULBib$Z2$F205793 $H137014 $82 941 1 $a9 983 0$aBTC. 996 $6020$a978-88-399-3621-9*$9(OLS)http://pul/number/169707 996 $6245$aTeologie del Sud :$bla decolonizzazione come nuovo paradigma / $9(OLS)http://pul/title/218330 996 $6260$aBrescia :$bQueriniana$9(OLS)http://pul/publisher/47906